Logo

Description automatically generated
विद्यार्जन
 संसाधन केंद्र, भारतीय प्रौद्योगिकी संस्थान इन्दौर
Learning Resource Center, Indian Institute of Technology Indore

ऑनलाइन सार्वजनिक अभिगम प्रसूची
Online Public Access Catalogue (OPAC)

The empire writes back : theory and practice in post-colonial literatures [2nd ed.] (Record no. 57373)

MARC details
000 -LEADER
fixed length control field 00952nam a2200253Ia 4500
005 - DATE AND TIME OF LATEST TRANSACTION
control field 20260704175958.0
008 - FIXED-LENGTH DATA ELEMENTS--GENERAL INFORMATION
fixed length control field 260704s9999||||xx |||||||||||||| ||und||
020 ## - INTERNATIONAL STANDARD BOOK NUMBER
International Standard Book Number 9780415280204
Qualifying information pbk
082 ## - DEWEY DECIMAL CLASSIFICATION NUMBER
Classification number 820.9917241
Item number ASH.2E
100 ## - MAIN ENTRY--PERSONAL NAME
Personal name Ashcroft, Bill
245 #4 - TITLE STATEMENT
Title The empire writes back : theory and practice in post-colonial literatures [2nd ed.]
250 ## - EDITION STATEMENT
Edition statement 2nd ed. Rep. 2010
260 ## - PUBLICATION, DISTRIBUTION, ETC.
Place of publication, distribution, etc. New York
Name of publisher, distributor, etc. Routledge an imprint of Taylor and Francis Group
Date of publication, distribution, etc. 1989
300 ## - PHYSICAL DESCRIPTION
Extent x, 283p. ; 20cm.
653 ## - INDEX TERM--UNCONTROLLED
Uncontrolled term Commonwealth literature (English)--History and criticism
653 ## - INDEX TERM--UNCONTROLLED
Uncontrolled term English literature--20th century--History and criticism
653 ## - INDEX TERM--UNCONTROLLED
Uncontrolled term English literature--20th century--History and criticism
653 ## - INDEX TERM--UNCONTROLLED
Uncontrolled term Postcolonialism in literature
653 ## - INDEX TERM--UNCONTROLLED
Uncontrolled term Postcolonialism--Commonwealth countries
653 ## - INDEX TERM--UNCONTROLLED
Uncontrolled term Postcolonialism--English-speaking countries
700 ## - ADDED ENTRY--PERSONAL NAME
Personal name Griffiths, Gareth
700 ## - ADDED ENTRY--PERSONAL NAME
Personal name Tiffin, Helen
942 ## - ADDED ENTRY ELEMENTS (KOHA)
Koha item type Book
Holdings
Withdrawn status Lost status Damaged status Not for loan Home library Current library Shelving location Date acquired Source of acquisition Total Checkouts Full call number Barcode Date last seen Price effective from Koha item type
        LRC, IIT Indore LRC, IIT Indore 2nd Floor - General Stack 04/07/2026 Gratis Book Price: USD 39.19   820.9917241 ASH.2E G2598 04/07/2026 04/07/2026 Book
Copyright © 2017-2026 Indian Institute of Technology Indore. All Rights Reserved.
Managed & maintained by Learning Resource Center, IIT Indore